Historia de Argentina A-Z - Estadísticas

Estadísticas generales
  • Esta prueba ha sido intentada 34 veces
  • La puntuación promedio es 15 de 27
Estadísticas de respuestas
Letra Pista Respuesta % Correcto
M Islas por las que Argentina luchó una guerra contra Inglaterra Islas {Malvinas}
90%
Ñ Pasta que se come tradicionalmente todos los 29 de cada mes Ñoquis
86%
D Campaña militar de conquista clasificada como "genocidio" llevada adelante por el Presidente Roca hacia la Patagonia Campaña del {Desierto}
83%
V Dictador quien derrocó a Isabel Perón el 24 de Marzo de 1976 Jorge Rafael {Videla}
83%
G Prócer y primer gobernador de Salta Martín Miguel de {Güemes}
83%
A Moneda introducida por Alfonsín que tuvo billetes de 1M$ Austral
79%
I País de origen del Almirante Brown, prócer argentino Irlanda
79%
R Ciudad donde la bandera fue confeccionada Rosario
79%
N Calle más ancha del mundo, que mide 140 metros y 12 carriles Nueve de Julio
76%
Q Seudónimo de Joaquín Salvador Lavado Tejón, autor de Mafalda Quino
76%
F Doctor argentino que inventó el Bypass cardiaco René {Favaloro}
76%
C Batalla que destituyó a Juan Manuel de Rosas Batalla de {Caseros}
69%
U Primer presidente constitucional, 1853 - 1860 José Justo de {Urquiza}
69%
Y Ciudad donde nació José de San Martín Yapeyú
69%
L Representación de la Virgen María, patrona de Argentina Nuestra Señora de {Luján}
66%
T Ciudad de Chubut con famosa inmigración galesa Trelew
62%
O Hito famoso hecho para celebrar el cuatricentenario de la ciudadde Buenos Aires Obelisco
52%
J Orden religiosa a la que pertenecía el Papa Francisco Jesuitas
48%
S Primer ciudad argentina, fundada en 1553 Santiago del Estero
45%
P Día en el que Perón echó a los Montoneros de Plaza de Mayo Primero de Mayo
38%
B País al que Argentina vendió ilegalmente armas en la decadade los 90s Bosnia y Herzegovina
31%
Z Ciudad llamada "Capital Provincial del Tango" Zarate
17%
K Pueblo indígena sincrético del norte argentino Kolla
14%
H Batalla librada en el Alto Perú en 1817 Batalla de {Humahuaca}
10%
E Película perdida animada de 1917, la cual suele ser titulada como "la primer película animada" El Apostol
7%
W Nombre de la región histórica que los mapuches han habitado Wallmapu
7%
X Pintor y escultor surreal vanguardista del siglo XX Xul Solar
7%
No se encontraron pruebas coincidentes
Distribución de puntuación
Porcentaje de gente con cada puntuación
Porcentaje por número respondido
Historial de tus puntuaciones
No has intentado esta prueba.